书目信息 |
| 题名: |
砂质泥岩地层大纵坡隧道TBM施工及穿越建筑物风险的力学问题研究
|
|
| 作者: | 李冉 著 | |
| 分册: | ||
| 出版信息: | 长春 吉林科学技术出版社 2024.07 |
|
| 页数: | 145页 | |
| 开本: | 26cm | |
| 丛书名: | ||
| 单 册: | ||
| 中图分类: | U455 | |
| 科图分类: | ||
| 主题词: | 泥岩--ni yan--隧道施工--结构力学--研究 | |
| 电子资源: | ||
| ISBN: | 978-7-5744-0486-1 | |
| 000 | 01043nam0 2200253 450 | |
| 001 | 97484 | |
| 005 | 20250919162235.71 | |
| 010 | @a978-7-5744-0486-1@dCNY40.00 | |
| 100 | @a20240926d2024 em y0chiy50 ea | |
| 101 | 0 | @achi |
| 102 | @aCN@b220000 | |
| 105 | @aa a 000yy | |
| 106 | @ar | |
| 106 | @ar | |
| 200 | 1 | @a砂质泥岩地层大纵坡隧道TBM施工及穿越建筑物风险的力学问题研究@Asha zhi ni yan di ceng da zong po sui dao TBM shi gong ji chuan yue jian zhu wu feng xian de li xue wen ti yan jiu@f李冉著 |
| 210 | @a长春@c吉林科学技术出版社@d2024.07 | |
| 215 | @a145页@c图@d26cm | |
| 320 | @a有书目 (第134-144页) | |
| 330 | @a本书共7章, 内容包括: 绪论、砂质泥岩地层大纵坡隧道TBM施工条件分析、砂质泥岩TBM隧道施工相似材料模型试验、大纵坡隧道TBM施工安全关键力学问题研究、大坡度隧道TBM施工引起地层变形规律研究、砂质泥岩地层大纵坡隧道TBM施工风险控制、结论与展望。 | |
| 606 | 0 | @a泥岩@Ani yan@x隧道施工@x结构力学@x研究 |
| 690 | @aU455@v5 | |
| 701 | 0 | @a李冉@Ali ran@4著 |
| 801 | 0 | @aCN@c20250909 |
| 905 | @a河南城建学院图书馆@dU455@eL245@f1 | |
| 砂质泥岩地层大纵坡隧道TBM施工及穿越建筑物风险的力学问题研究/李冉著.-长春:吉林科学技术出版社,2024.07 |
| 145页:图;26cm |
| ISBN 978-7-5744-0486-1:CNY40.00 |
| 本书共7章, 内容包括: 绪论、砂质泥岩地层大纵坡隧道TBM施工条件分析、砂质泥岩TBM隧道施工相似材料模型试验、大纵坡隧道TBM施工安全关键力学问题研究、大坡度隧道TBM施工引起地层变形规律研究、砂质泥岩地层大纵坡隧道TBM施工风险控制、结论与展望。 |
| ● |
| 相关链接 |
|
|
|
正题名:砂质泥岩地层大纵坡隧道TBM施工及穿越建筑
索取号:U455/L245
 
预约/预借
| 序号 | 登录号 | 条形码 | 馆藏地/架位号 | 状态 | 备注 |
| 1 | 1638530 | 216385301 | 自科库501/501自科库 55排6列3层/ [索取号:U455/L245] | 在馆 |